000 011860000a22002410004500
501 _arústico
001 18249
020 _a0-311-04356-9
041 0 _aSPA
082 0 4 _aG 232 V665v
100 1 _aViertel, Weldon E.
245 1 0 _aVida y ministerio de Cristo / Weldom Viertel ; traducido por Rubén O. Zorzoli
250 _a2
260 _aEl Paso , EE.UU : Casa Bautista de Publicaciones
300 _a190 p.
500 _aPublicado originalmente en inglés
505 0 0 _aIntroducción a los Sinópticos - El nacimiento y la niñez de Jesús - El ministerio temprano de Jesús - Enseñanzas en cuanto a la conducta y el servicio - Las parábolas y los milagros de Jesús - Asuntos referentes a la identidad de Cristo - La naturaleza del Mesías - Las narraciones del viaje en Lucas - Continuación del viaje a Jerusalén - Eventos y Enseñanzas en Jerusalén - Ante la cruz - La cruxixión y la resurrección de Jesús - Apéndice - Bibliografía recomendada
650 1 4 _aJESUCRISTO \ BIBLIA N.T. - MARCOS - CRITICA E INTERPRETACION
942 _cBK
999 _c44710
_d44710
336 _atexto
_btxt
_2rdacontent
337 _2rdamedia
_asin mediación
_bn
338 _2rdacarrier
_avolumen
_bnc